000 00501nam a2200145Ia 4500
003 GCL
008 140319s9999 xx 000 0 ara d
040 _aGCL /
_cGCL
082 0 4 _a953.520
_bط ا
100 1 _aالطبرى، ابوجعفر محمد بن جرير، 839-923 م
245 1 0 _aالاثار الباقية عن القرون الخالية /
_cالطبرى، ابوجعفر محمد بن جرير، 839-923 م
260 _a[S.N] :
_bمكتبة المتنبى
300 _a362
490 _a
999 _c31605
_d31605